Opio: diario de una desintoxicación
Furkejuvvon:
| Váldodahkki: | |
|---|---|
| Materiálatiipa: | Girji |
| Giella: | espánnjágiella |
| Almmustuhtton: |
Buenos Aires
De la Flor
1969
|
| Fáttát: | |
| Fáddágilkorat: |
Lasit fáddágilkoriid
Eai fáddágilkorat, Lasit vuosttaš fáddágilkora!
|
MARC
| LEADER | 00000nam a2200000 a 4500 | ||
|---|---|---|---|
| 001 | UCO5444 | ||
| 003 | CL-VaPUC | ||
| 008 | 000901e19690000AG |||||||||||||||||spa|d | ||
| 082 | 0 | 4 | |a 840.92 |b COC |2 21 |
| 100 | 0 | |a Cocteau, Jean |e author |9 266449 | |
| 245 | 1 | 0 | |a Opio: diario de una desintoxicación |
| 300 | |a 250 p | ||
| 942 | |c BK | ||
| 945 | |d 20000901 00:00:00 |a crobeson | ||
| 260 | |a Buenos Aires |b De la Flor |c 1969 | ||
| 650 | 0 | |a Autobiografías |9 265171 | |
| 650 | 0 | |a Escritores franceses |9 450149 | |
| 650 | 0 | |a Directores de cine |9 368705 | |
| 650 | 0 | |a Literatura francesa |9 266330 | |
| 583 | |a last modification |c 20000901 00:00:00 |k Rodrigo Vera | ||
| 999 | |c 291302 |d 291300 | ||
| 952 | |0 0 |1 0 |4 0 |6 840_920000000000000_COC_1969 |7 0 |8 A |9 341114 |a BIBART |b BIBART |d 2019-11-20 |i 122039K |o 840.92 COC 1969 |p 122039K |r 2025-03-13 |w 2019-11-20 |y BK |k ART | ||